00571nam a2200193 a 450000500170000000800410001701000140005802000260007203500130009803700150011104000180012608200100014410000210015424500660017526000410024127000450028230000310032749000190035820090525142943.0070816s2008 nyua b 001 0 eng  aENG-93721 a9788121613521c195.00 aEN-77254 bDBAD / PUB adplbEnglish  a615.5 aVennells, David  aThe path to good health and inner peace /cby David Vennells  aNew Delhi bHind Pocket Books c2009 aJ-40, Jorbagh Lane, bNew Delhi e110003 a286p.: c23cm(pbk) bill.  aHealth series